| 000 | 01138nam a22002537a 4500 | ||
|---|---|---|---|
| 005 | 20170124103159.0 | ||
| 010 | _aB-102638 | ||
| 020 |
_c175.00 _a8170632013 |
||
| 035 | _aB-102638 | ||
| 037 | _bCen Lib/Ret | ||
| 040 |
_aDPL _bHN |
||
| 082 |
_a811.08 _bशास्त्रीबी |
||
| 100 |
_aशास्त्री, बी. पी. भास्कर _985536 |
||
| 245 |
_aकालिदास की अमर कृतियाँ / _cबी. पी. भास्कर शास्त्री |
||
| 246 |
_aKaalidas ki amar kritiyan / _bby B. P. Bhaskar Shastri |
||
| 260 |
_aनई दिल्ली _bआर्य बुक डिपो _c2003 |
||
| 270 |
_a30, नाईवाला, करोल बाग _bनई दिल्ली _e110005 |
||
| 300 |
_a308पृ. _c21सेमी(असजिल्द) |
||
| 650 |
_aसाहित्य--काव्य _990943 |
||
| 650 |
_aकालिदास के सिद्धांत _990944 |
||
| 650 |
_aLiterature--poetry _990945 |
||
| 650 |
_aKalidasa's theory _990946 |
||
| 942 |
_2ddc _cHN _h811.08 _mशास्त्रीबी |
||
| 999 |
_c120538 _d120538 |
||